000 00579nam a2200217Ia 4500
005 20241129115838.0
008 241129s9999||||xx |||||||||||||| ||und||
020 _a9789389165609
037 _aTB
040 _aSDCL
_beng
_cSDCL
041 _aeng
_2eng
084 _aP:795, R2
_qSDCL
100 _aKothari Rita
_938078
245 0 _aUneasy translations : self, experience and indian literature
260 _aDelhi
_bBloomsbury
_c2022
300 _axi193p
365 _aINR
_b1299
650 _aEnglish
942 _cTB
_hP:795, R2
999 _c1232262
_d1232262